Представление документа в формате MARC21

Поле Инд. ПП Название Значение
Тип записи a
Библиографический уровень m
001 Контрольный номер RU/IS/BASE/330451486
005 Дата корректировки 20141114162056.6
040 a Служба первич. каталог. НБ ТвГУ
b Код языка каталог. rus
e Правила каталог. PSBO
041 0_ a Код языка текста rus
080 a Индекс УДК 94(55)"19"
084 a Индекс другой классификации/Индекс ББК Т3(5Ирн)6
090 a Полочн. индекс 9(55)
x Авторский знак И 77
245 10 a Заглавие Иран
b Продолж. заглавия очерки новейшей истории
c Ответственность АН СССР, Ин-т востоковедения ; отв. ред. А. З. Арабаджян
260 a Место издания Москва
b Издательство Наука
c Дата издания 1976
300 a Объем 467, [2] с.
504 a Библиография Библиогр. в примеч. в конце гл.
653 a Ключевые слова 20 в.
a Ключевые слова Иран
a Ключевые слова История Ирана
a Ключевые слова Сборники
700 1_ a Другие авторы Арабаджян Артем Завенович
e Роль лиц отв. ред.
920 a Оператор Лиси
930 a Новая/Ретро сборники
954 a Дата поступления на обработку 20100621